« Retourner aux résultats de recherche
Poupées (Les)
| Auteur principal: | Alexis Laipsker |
|---|---|
| Support: | Livres |
| Langue: | Francais |
| Publié: |
2022 Michel Lafon Neuilly-sur-Seine |
| Genre: |
Roman Policier |
| Sujets: | |
| Étiquettes: |
Ajouter
Pas de Tags !
|
| LEADER | 00841nam0a2200169 450 | ||
|---|---|---|---|
| 001 | 16838906 | ||
| 010 | |a 978-2-7499-4936-9 |b Br. |d 18,95 | ||
| 100 | |a 20220310d2022 u u0frey01 ba | ||
| 101 | 0 | |a fre | |
| 200 | 0 | |a Poupées (Les) |f Alexis Laipsker | |
| 207 | 1 | |a | |
| 210 | |a Neuilly-sur-Seine |c Michel Lafon |d 2022 | ||
| 330 | |a " Ils diront que je suis fou. Que je tue pour jouer. Vous seuls connaîtrez mon secret. Mais êtes-vous prêts ? Jouez avec moi ! " Une voyante en crise. Un flic bourru comme on n'en fait plus. Une jeune psy à qui on ne la fait pas. Une série de meurtres à la mise en scène macabre. Une course contre la montre terrifiante. | ||
| 700 | 0 | |a Laipsker |b Alexis |4 70 | |
| 900 | |a Roman Policier | ||
| 901 | |a Accessible au prêt | ||
| 995 | |a Bibliothèque |c Bibliothèque |f 024022202 |h 024022202 |k RP LAI |o p |q a |r az |e Bibliothèque | ||
